000 00575nam a22001817a 4500
005 20180502115223.0
010 _aENG-122848
020 _a9789386338976
_c450.00
035 _aEN-106380
037 _bDBAD/PUB
082 _a641.5092
100 _aMarathe, Kaumudi
245 _aShared tables :
_cby Kaumudi Marathe
_bfamily stories and recipes from poona to LA /
260 _aNew Delhi
_bSpeaking Tiger
_c2017
270 _a4381/4, Ansari Road, Daryaganj,
_bNew Delhi
_e110002
300 _a302p.
_c22cm(pbk)
_bill.
942 _2ddc
_cEN
_mMAR
_h641.5092
999 _c151821
_d151821